[Event "N1 Reykjavik Open 2014"]
[Site "Reykjavik ISL"]
[Date "2014.03.12"]
[Round "10.92"]
[White "Hansen, Erle Andrea Marki"]
[Black "Sigurdsson, Sverrir"]
[Result "0-1"]
[WhiteElo "1810"]
[BlackElo "1980"]
[WhiteFideId "1508229"]
[BlackFideId "2302195"]
[EventDate "2014.03.04"]

1. d4 d5 2. Nf3 Nf6 3. g3 e6 4. Bg2 Bd6 5. O-O Nbd7 6. c4 c6 7. b3 O-O 8. Bb2
Ne4 9. Nbd2 f5 10. Ne5 Ndf6 11. Ndf3 Bd7 12. Qc2 Qe7 13. Rac1 Rfc8 14. Rfd1 Be8
15. cxd5 exd5 16. Ne1 Bg6 17. N1d3 Nd7 18. f4 Ndf6 19. Nxg6 hxg6 20. Ne5 Bxe5
21. dxe5 Ng4 22. Rd3 Rd8 23. h3 Nh6 24. Kh2 Kh7 25. e3 g5 26. Bxe4 fxe4 27. Rd2
Nf5 28. Re2 Rd7 29. g4 Nh4 30. Rf1 Kg8 31. Qc3 Nf3+ 32. Kg2 Re8 33. Rh1 Qf7 34.
Qc1 Nxe5 35. Qc2 gxf4 36. exf4 Qxf4 37. Rf2 Nf3 38. Qe2 Rf7 39. Kf1 Nd2+ 40. Ke1
Qxf2+ 41. Qxf2 Rxf2 42. Kxf2 Nf3 43. h4 Ne5 44. Kg3 Nd3 45. Bc3 Rf8 46. h5 c5
47. Bd2 d4 48. g5 e3 49. Be1 Nxe1 50. Rxe1 b5 51. g6 c4 52. bxc4 bxc4 53. Kg4 d3 0-1

[Event "N1 Reykjavik Open 2014"]
[Site "Reykjavik ISL"]
[Date "2014.03.12"]
[Round "10.93"]
[White "Thorarensen, Adalsteinn"]
[Black "Mare, Eben"]
[Result "0-1"]
[WhiteElo "1737"]
[BlackElo "1967"]
[WhiteFideId "2304384"]
[BlackFideId "14305712"]
[EventDate "2014.03.04"]

1. e4 e6 2. d4 b6 3. c4 Bb7 4. Nc3 Bb4 5. Qc2 Qh4 6. d5 f5 7. Bd2 fxe4 8. dxe6
dxe6 9. Nb5 Bxd2+ 10. Qxd2 Na6 11. O-O-O Rd8 12. Qxd8+ Qxd8 13. Rxd8+ Kxd8 14.
Nh3 Nf6 15. Be2 Ke7 16. a3 c6 17. Nc3 Nc7 18. Rd1 c5 19. g4 Rf8 20. Rd2 Nd7 21.
Nd1 Ne5 22. Ng1 g5 23. b3 Ne8 24. h3 Nd6 25. Kb2 h6 26. Bf1 Bc6 27. a4 Bxa4 28.
Rxd6 Kxd6 29. bxa4 e3 30. Kc3 exf2 31. Ne2 Rf3+ 0-1

[Event "N1 Reykjavik Open 2014"]
[Site "Reykjavik ISL"]
[Date "2014.03.12"]
[Round "10.94"]
[White "Saraiva, Alexandre Pacheco"]
[Black "Ontiveros, John"]
[Result "0-1"]
[WhiteElo "1963"]
[BlackElo "1710"]
[WhiteFideId "2132842"]
[BlackFideId "2303981"]
[EventDate "2014.03.04"]

1. d4 d5 2. Nf3 Nf6 3. Nbd2 Bg4 4. e3 e6 5. Be2 Nbd7 6. O-O c5 7. b3 cxd4 8.
exd4 Be7 9. Bb2 Rc8 10. c4 O-O 11. c5 Nb8 12. b4 b6 13. Re1 bxc5 14. dxc5 Nfd7
15. h3 Bh5 16. Nb3 Bf6 17. Nfd4 Bg6 18. Qd2 Ne5 19. Nb5 Nc4 20. Bxc4 dxc4 21.
Bxf6 gxf6 22. Qxd8 Rfxd8 23. Na5 Nc6 24. Nxc6 Rxc6 25. Nxa7 Ra6 26. Nb5 Rb8 27.
a4 c3 28. Rec1 c2 29. Nd4 Rxb4 30. Nxc2 Bxc2 31. Rxc2 Rbxa4 32. Rxa4 Rxa4 33. f4
Kf8 34. Kh2 Ke7 35. Kg3 e5 36. fxe5 fxe5 37. Kf3 f5 38. g4 Ra3+ 39. Kg2 f4 40.
Rb2 Rg3+ 41. Kh2 Rc3 42. Rb7+ Kf6 43. Rxh7 Rxc5 44. h4 e4 45. Rh6+ Kg7 46. Re6
Rc2+ 47. Kg1 e3 48. Re4 Rf2 49. Re8 Rf3 50. Kh2 Rg3 51. g5 Kg6 52. Rf8 e2 0-1

[Event "N1 Reykjavik Open 2014"]
[Site "Reykjavik ISL"]
[Date "2014.03.12"]
[Round "10.95"]
[White "Sigurjonsson, Siguringi"]
[Black "Hisnay, Gregory"]
[Result "1/2-1/2"]
[WhiteElo "1948"]
[BlackElo "1705"]
[WhiteFideId "2300397"]
[BlackFideId "2093421"]
[EventDate "2014.03.04"]

1. e4 d6 2. d4 Nf6 3. Nc3 g6 4. f4 Bg7 5. Nf3 O-O 6. Bd3 c6 7. O-O Na6 8. Qe1
Nb4 9. Qh4 Nxd3 10. cxd3 Qa5 11. e5 Nd5 12. Nxd5 Qxd5 13. Qxe7 Bf5 14. Bd2 Bxd3
15. Rf2 dxe5 16. fxe5 Ba6 17. Qh4 f6 18. Re1 Rae8 19. Bh6 fxe5 20. Bxg7 Kxg7 21.
Ng5 Rxf2 22. Qxf2 h6 23. Nf3 e4 24. Ne5 Rf8 1/2-1/2

[Event "N1 Reykjavik Open 2014"]
[Site "Reykjavik ISL"]
[Date "2014.03.12"]
[Round "10.96"]
[White "Plater, Ronald"]
[Black "Steingrimsson, Karl Egill"]
[Result "1-0"]
[WhiteElo "1938"]
[BlackElo "1663"]
[WhiteFideId "420573"]
[BlackFideId "2304791"]
[EventDate "2014.03.04"]

1. d4 Nf6 2. Nf3 e6 3. g3 Be7 4. Bg2 d5 5. c4 c6 6. O-O O-O 7. b3 Nbd7 8. Bb2
Re8 9. Nc3 h6 10. Qc2 Bd6 11. Rfd1 Qe7 12. e4 dxe4 13. Nxe4 Nxe4 14. Qxe4 Nf6
15. Qd3 Ba3 16. Bc3 Bb4 17. Ne5 Bxc3 18. Qxc3 Nd7 19. Rd2 f6 20. Nxd7 Bxd7 21.
Rad1 Rac8 22. Qa5 a6 23. Qb6 Red8 24. Qxb7 Qe8 25. Qxa6 Ra8 26. Qb6 Rdb8 27. Qc5
Rc8 28. Qd6 Ra7 29. Re1 Rca8 30. Bh3 Qg6 31. Bxe6+ Bxe6 32. Qxe6+ Kh7 33. Qxc6
Rxa2 34. Rxa2 Rxa2 35. Qe4 1-0

[Event "N1 Reykjavik Open 2014"]
[Site "Reykjavik ISL"]
[Date "2014.03.12"]
[Round "10.98"]
[White "Pajeken, Jakob Leon"]
[Black "Finnbogadottir, Tinna Kristin"]
[Result "1-0"]
[WhiteElo "1703"]
[BlackElo "1921"]
[WhiteFideId "12942839"]
[BlackFideId "2300214"]
[EventDate "2014.03.04"]

1. e4 c5 2. Nf3 g6 3. d4 cxd4 4. Nxd4 Nf6 5. Nc3 Nc6 6. Be3 Bg7 7. Nxc6 bxc6 8.
e5 Nd5 9. Nxd5 cxd5 10. Qxd5 Rb8 11. O-O-O Qc7 12. f4 O-O 13. Qc5 Qxc5 14. Bxc5
d6 15. Bxa7 Ra8 16. Bd4 Bg4 17. Rd3 Rxa2 18. Ra3 Ra8 19. Rxa2 Rxa2 20. Kb1 Ra4
21. c3 Bf5+ 22. Kc1 Ra1+ 23. Kd2 Rb1 24. c4 dxe5 25. fxe5 Bh6+ 26. Ke2 Be4 27.
Rg1 Rc1 28. Kf2 Rc2+ 29. Kg3 Rd2 30. Bc3 Rc2 31. Bd4 Bc1 32. b3 g5 33. h4 Bf4+
34. Kg4 h6 35. hxg5 hxg5 36. g3 Bc1 37. Be2 e6 38. Rd1 Bf5+ 39. Kf3 Bb2 40. Bxb2
Rxb2 41. Rd8+ Kg7 42. Rb8 Rc2 43. b4 g4+ 44. Ke3 Rc3+ 45. Kf2 Rc2 46. Rd8 Be4
47. Ke3 Bf3 48. Rd2 Rc1 49. Bxf3 gxf3 50. Rd4 Rc3+ 51. Kf2 f6 52. Rg4+ Kf7 53.
Rf4 f5 54. Rd4 Kg6 55. b5 Kg5 56. b6 Kh5 57. b7 Rb3 58. Rd7 f4 59. Rg7 Kh6 60.
Rf7 fxg3+ 61. Kxg3 Kg6 62. Rd7 Kf5 63. c5 Ke4 64. c6 Rb2 65. c7 f2 66. Rd1 Rxb7
67. c8=Q Rf7 68. Qc5 f1=Q 69. Qd4+ 1-0

[Event "N1 Reykjavik Open 2014"]
[Site "Reykjavik ISL"]
[Date "2014.03.12"]
[Round "10.99"]
[White "Thorhallsson, Simon"]
[Black "Robson, Paul E"]
[Result "1/2-1/2"]
[WhiteElo "1636"]
[BlackElo "1915"]
[WhiteFideId "2310090"]
[BlackFideId "424803"]
[EventDate "2014.03.04"]

1. d4 Nf6 2. c4 c5 3. Nf3 cxd4 4. Nxd4 g6 5. Nc3 Bg7 6. e4 Nc6 7. Be3 Ng4 8.
Qxg4 Nxd4 9. Qd1 Ne6 10. Rc1 d6 11. Be2 O-O 12. O-O Bd7 13. Qd2 Bc6 14. b4 b6
15. Nd5 Bb7 16. Rfd1 Rc8 17. a4 f5 18. Bf3 Kh8 19. exf5 gxf5 20. Bh6 Bxh6 21.
Qxh6 Ng7 22. Rd4 Bxd5 23. Bxd5 Rf6 24. Qh3 e6 25. Rh4 Qg8 26. Bf3 Rc7 27. g3 Ne8
28. Rd4 Qg5 29. Qf1 e5 30. Rd5 Re7 31. c5 e4 32. Bg2 dxc5 33. bxc5 Rc6 34. h4
Qh6 35. Rxf5 Nf6 36. Rg5 Rec7 37. Rd1 Qf8 38. cxb6 Rxb6 39. Qe2 Rb4 40. Qa6 Rb6
41. Qe2 Rb4 42. Qa6 Rb6 1/2-1/2

[Event "N1 Reykjavik Open 2014"]
[Site "Reykjavik ISL"]
[Date "2014.03.12"]
[Round "10.100"]
[White "Meier, Gerd"]
[Black "Petersson, Baldur Teodor"]
[Result "1/2-1/2"]
[WhiteElo "1901"]
[BlackElo "1624"]
[WhiteFideId "4682971"]
[BlackFideId "2309157"]
[EventDate "2014.03.04"]

1. Nf3 c5 2. c4 e6 3. Nc3 a6 4. g3 Nc6 5. Bg2 Qc7 6. O-O Nf6 7. d3 Bd6 8. a3 b6
9. e4 Bb7 10. Re1 h5 11. Nh4 O-O-O 12. f4 e5 13. f5 Rdg8 14. Bg5 Nh7 15. Nd5 Qb8
16. Nxb6+ Kc7 17. Nd5+ Kc8 18. Qxh5 Nxg5 19. Qxg5 Nd4 20. Ne7+ Bxe7 21. Qxe7 Nc2
22. Qxc5+ Qc7 23. Qxc7+ Kxc7 24. Nf3 Nxa1 25. Rxa1 d6 26. b4 Bc6 27. Rc1 Kd7 28.
c5 f6 29. h4 a5 30. Nd2 axb4 31. axb4 Rb8 32. cxd6 Rxb4 33. Nc4 Bb5 34. Nb6+
Kxd6 35. Nc8+ Kd7 36. Nb6+ Kd6 37. Nc8+ Kd7 38. Nb6+ 1/2-1/2

[Event "N1 Reykjavik Open 2014"]
[Site "Reykjavik ISL"]
[Date "2014.03.12"]
[Round "10.101"]
[White "Stolberg-Rohr, Thomine"]
[Black "Hauksdottir, Hrund"]
[Result "1-0"]
[WhiteTitle "WFM"]
[WhiteElo "1964"]
[BlackElo "1668"]
[WhiteFideId "1504258"]
[BlackFideId "2302608"]
[EventDate "2014.03.04"]

1. e4 e5 2. Nf3 Nc6 3. Bb5 a6 4. Ba4 Nf6 5. O-O b5 6. Bb3 Bc5 7. a4 Rb8 8. axb5
axb5 9. Nxe5 Nxe5 10. d4 Nfg4 11. dxc5 Qh4 12. h3 O-O 13. Bf4 Qf6 14. Bg3 Nh6
15. Nc3 d6 16. Nd5 Qd8 17. cxd6 cxd6 18. Qh5 Re8 19. Bh4 Qd7 20. Bg5 Re6 21.
Bxh6 Rxh6 22. Qxh6 gxh6 23. Nf6+ Kg7 24. Nxd7 Bxd7 25. Ra7 Bc6 26. f4 Nc4 27. e5
dxe5 28. fxe5 Bd5 29. Re1 Be6 30. Kf2 Rd8 31. Rb7 Rd2+ 32. Re2 Rd5 33. c3 Kg6
34. Bc2+ Kg7 35. Bb3 Kg6 36. Ba2 Bf5 37. Rxb5 Rxb5 38. Bxc4 Rc5 39. Bb3 Rb5 40.
Bc4 Rb7 41. Ke3 Kg5 42. Bd5 Rd7 43. c4 Be6 44. Rd2 Re7 45. Kd4 Kf4 46. Rf2+ Kg3
47. Rf3+ 1-0

[Event "N1 Reykjavik Open 2014"]
[Site "Reykjavik ISL"]
[Date "2014.03.12"]
[Round "10.102"]
[White "Danielsson, Sigurdur"]
[Black "Morkedal, Oyvind"]
[Result "0-1"]
[WhiteElo "1953"]
[BlackElo "1704"]
[WhiteFideId "2301792"]
[BlackFideId "1518127"]
[EventDate "2014.03.04"]

1. e4 e5 2. f4 d5 3. Qf3 exf4 4. e5 Qh4+ 5. g3 fxg3 6. hxg3 Qe4+ 7. Qxe4 dxe4 8.
d4 exd3 9. Bxd3 Bc5 10. Ne2 h6 11. Nbc3 Ne7 12. Bg5 Nbc6 13. Ne4 Bb6 14. O-O-O
Bg4 15. Bb5 Bxe2 16. Bxe2 Nxe5 17. Nf6+ gxf6 18. Bxf6 N5g6 19. Bxh8 Nxh8 20.
Rxh6 Be3+ 0-1

[Event "N1 Reykjavik Open 2014"]
[Site "Reykjavik ISL"]
[Date "2014.03.12"]
[Round "10.103"]
[White "Lee, Gudmundur Kristinn"]
[Black "Haraldsson, Oskar"]
[Result "1/2-1/2"]
[WhiteElo "1649"]
[BlackElo "1897"]
[WhiteFideId "2303361"]
[BlackFideId "2301865"]
[EventDate "2014.03.04"]

1. e4 d6 2. d4 Nf6 3. Nc3 g6 4. g3 Bg7 5. Bg2 O-O 6. Nge2 Nc6 7. O-O e5 8. d5
Ne7 9. f4 Nh5 10. Bf3 Bh3 11. Rf2 exf4 12. Nxf4 Nxf4 13. Bxf4 f5 14. Ne2 fxe4
15. Bxe4 Qd7 16. Be3 Qa4 17. Nd4 Rxf2 18. Bxf2 Rf8 19. c3 Qd7 20. Qb3 Bxd4 21.
Bxd4 Nf5 22. Bf2 Qf7 23. c4 Nd4 24. Qe3 Nf3+ 25. Bxf3 Qxf3 26. Qxf3 Rxf3 27. Re1 1/2-1/2

[Event "N1 Reykjavik Open 2014"]
[Site "Reykjavik ISL"]
[Date "2014.03.12"]
[Round "10.104"]
[White "Gardarsson, Halldor"]
[Black "Magnusdottir, Veronika Steinunn"]
[Result "1/2-1/2"]
[WhiteElo "1895"]
[BlackElo "1595"]
[WhiteFideId "2301440"]
[BlackFideId "2309114"]
[EventDate "2014.03.04"]

1. e4 c5 2. Nf3 d6 3. d4 cxd4 4. Nxd4 Nf6 5. Nc3 Nc6 6. Be3 Ng4 7. Qd2 Nxe3 8.
Qxe3 e6 9. O-O-O Be7 10. Kb1 a6 11. Nb3 Qc7 12. f4 b5 13. a3 Bb7 1/2-1/2

[Event "N1 Reykjavik Open 2014"]
[Site "Reykjavik ISL"]
[Date "2014.03.12"]
[Round "10.105"]
[White "Steinthorsson, Felix"]
[Black "Schadd, Jan"]
[Result "1/2-1/2"]
[WhiteElo "1530"]
[BlackElo "1893"]
[WhiteFideId "2310040"]
[BlackFideId "1047230"]
[EventDate "2014.03.04"]

1. d4 e6 2. c4 f5 3. Nc3 Nf6 4. Nf3 Bb4 5. Bd2 b6 6. e3 Bb7 7. Be2 O-O 8. a3 Be7
9. b4 a5 10. c5 axb4 11. axb4 Nc6 12. Nb5 Rxa1 13. Qxa1 Ne4 14. Qb2 Nxd2 15.
Qxd2 bxc5 16. bxc5 Bf6 17. O-O Ne7 18. Qa5 Nd5 19. Bc4 Qb8 20. Nd2 Bc6 21. Rb1
Qa8 22. Qxa8 Bxa8 23. Bxd5 Bxd5 24. Nxc7 Bc6 25. h3 f4 26. Rb6 fxe3 27. fxe3 Bd8
28. Nxe6 Bxb6 29. Nxf8 Bd8 30. d5 Bb5 31. Nxd7 Bxd7 32. Nc4 Kf8 33. e4 Ke7 34.
c6 Bc8 35. d6+ Ke6 36. Kh1 Ba6 37. c7 Bf6 38. e5 Bxe5 39. Nxe5 Kxd6 40. Nf7+
Kxc7 41. Ng5 Kd7 42. Nxh7 Ke7 43. Ng5 Kf6 44. h4 Kf5 45. Kh2 Kg4 1/2-1/2

[Event "N1 Reykjavik Open 2014"]
[Site "Reykjavik ISL"]
[Date "2014.03.12"]
[Round "10.106"]
[White "Jonsson, Olafur Gisli"]
[Black "Jonasson, Hordur"]
[Result "1-0"]
[WhiteElo "1890"]
[BlackElo "1526"]
[WhiteFideId "2302705"]
[BlackFideId "2311224"]
[EventDate "2014.03.04"]

1. d4 d5 2. Nf3 Nf6 3. c4 e6 4. Nc3 Bb4 5. Bg5 O-O 6. e3 h6 7. Bh4 Nbd7 8. Qc2
Bxc3+ 9. bxc3 c5 10. cxd5 exd5 11. Bd3 c4 12. Be2 Qc7 13. O-O Re8 14. Bg3 Qc6
15. a4 b6 16. Rfb1 Ne4 17. Bf4 Nd6 18. h3 Nf8 19. Rb4 Ng6 20. Bh2 Bf5 21. Qd1
Nb7 22. h4 Bg4 23. Bg3 h5 24. Nd2 Qd7 25. Bxg4 Qxg4 26. Qxg4 hxg4 27. e4 dxe4
28. Nxc4 f5 29. h5 Nf8 30. a5 Rac8 31. a6 Na5 32. Nd6 Red8 33. Nxc8 Rxc8 34. Rc1
Ne6 35. Be5 f4 36. Rb5 Nc4 37. Rd5 Nxe5 38. Rxe5 Nxd4 39. Rxe4 Nb3 40. Rd1 g3
41. Rxf4 gxf2+ 42. Rxf2 Nc5 43. Rfd2 Kh7 44. Rd8 Rc7 45. R1d5 Nxa6 46. g4 Rxc3
47. g5 1-0

[Event "N1 Reykjavik Open 2014"]
[Site "Reykjavik ISL"]
[Date "2014.03.12"]
[Round "10.108"]
[White "Eliasson, Kristjan Orn"]
[Black "Kravchuk, Mykhaylo"]
[Result "1-0"]
[WhiteElo "1875"]
[BlackElo "1470"]
[WhiteFideId "2301784"]
[BlackFideId "2310007"]
[EventDate "2014.03.04"]

1. e4 e5 2. Nf3 Nf6 3. Nc3 Nc6 4. d4 Nxd4 5. Nxd4 exd4 6. Qxd4 d6 7. Bg5 Be7 8.
O-O-O O-O 9. f4 h6 10. Bh4 Bg4 11. Re1 c5 12. Qe3 a6 13. h3 Bd7 14. g4 b5 15. g5
hxg5 16. Bxg5 b4 17. Bxf6 Bxf6 18. Nd5 Be6 19. Bc4 Bxd5 20. Bxd5 Rb8 21. Re2 Bd4
22. Qg3 Qf6 23. e5 dxe5 24. fxe5 Qh6+ 25. Kb1 Kh8 26. Re4 g5 27. h4 g4 28. Rf1
Rbe8 29. Rf5 Re7 30. Rxg4 1-0

[Event "N1 Reykjavik Open 2014"]
[Site "Reykjavik ISL"]
[Date "2014.03.12"]
[Round "10.109"]
[White "Englert, Fred"]
[Black "Palsdottir, Soley Lind"]
[Result "1-0"]
[WhiteElo "1845"]
[BlackElo "1450"]
[WhiteFideId "24666688"]
[BlackFideId "2306824"]
[EventDate "2014.03.04"]

1. c4 g6 2. g3 Bg7 3. Bg2 c5 4. Nc3 e6 5. Qb3 Nc6 6. Nf3 Nge7 7. d3 O-O 8. O-O
d5 9. cxd5 exd5 10. a3 Be6 11. Ng5 Qd7 12. Nxe6 fxe6 13. Bg5 Rac8 14. Bxe7 Nxe7
15. Rac1 Nf5 16. e3 Bh6 17. Rce1 a6 18. Na4 Rcd8 19. Nxc5 Qc6 20. d4 b5 21. g4
Ne7 22. Rc1 Qb6 23. Qd3 Rc8 24. Nd7 Qd8 25. Nxf8 Qxf8 26. b4 Bg5 27. Rc2 Bh4 28.
Rfc1 Rc4 29. f4 Qf6 30. Rxc4 bxc4 31. Qd2 g5 32. Rf1 gxf4 33. exf4 Nc6 34. Rd1
Qg6 35. h3 Bf6 36. Qe3 Kf7 37. f5 Qg7 38. Qxe6+ 1-0

[Event "N1 Reykjavik Open 2014"]
[Site "Reykjavik ISL"]
[Date "2014.03.12"]
[Round "10.111"]
[White "Norlander, Svante"]
[Black "Roets, Marius H."]
[Result "0-1"]
[WhiteElo "1754"]
[BlackElo "1437"]
[WhiteFideId "1716930"]
[BlackFideId "14304244"]
[EventDate "2014.03.04"]

1. e4 c5 2. Nf3 g6 3. d4 cxd4 4. Nxd4 Nc6 5. Nc3 Nf6 6. Be3 Bg7 7. Be2 O-O 8.
Qd2 d5 9. exd5 Nxd5 10. Nxc6 bxc6 11. Bd4 e5 12. Bc5 Re8 13. Ne4 Qh4 14. Nd6 Rd8
15. Qa5 Bg4 16. g3 Qh5 17. Bxg4 Qxg4 18. c4 Rxd6 19. Bxd6 Qe4+ 20. Kd2 Qd4+ 21.
Ke2 Qxb2+ 22. Kf3 e4+ 23. Kg2 Ne3+ 24. Kh3 Qxf2 25. Rag1 Qf3 26. Qg5 Bf6 27. Qf4
Qh5+ 0-1

[Event "N1 Reykjavik Open 2014"]
[Site "Reykjavik ISL"]
[Date "2014.03.12"]
[Round "10.113"]
[White "Davidsson, Oskar Vikingur"]
[Black "Gautason, Kristofer"]
[Result "1/2-1/2"]
[WhiteElo "1404"]
[BlackElo "1677"]
[WhiteFideId "2310627"]
[BlackFideId "2302098"]
[EventDate "2014.03.04"]

1. e4 e5 2. Nf3 Nf6 3. Nxe5 d6 4. Nf3 Nxe4 5. d4 d5 6. Bd3 Bd6 7. O-O O-O 8. c4
c6 9. Qc2 f5 10. cxd5 cxd5 11. Nc3 Be6 12. Bd2 Nc6 13. Rfe1 Nb4 14. Qb1 Nxd3 15.
Qxd3 Qf6 16. Re2 1/2-1/2

[Event "N1 Reykjavik Open 2014"]
[Site "Reykjavik ISL"]
[Date "2014.03.12"]
[Round "10.115"]
[White "Halldorsson, Haukur"]
[Black "Magnusson, Thorsteinn"]
[Result "1-0"]
[WhiteElo "1669"]
[BlackElo "1234"]
[WhiteFideId "2305089"]
[BlackFideId "2310287"]
[EventDate "2014.03.04"]

1. e4 e6 2. d4 d5 3. exd5 exd5 4. Nf3 Bd6 5. h3 Ne7 6. Bd3 Nbc6 7. c3 Be6 8. Qc2
Qd7 9. Be3 O-O-O 10. Nbd2 Bf5 11. a4 Bxd3 12. Qxd3 Nf5 13. O-O Nxe3 14. Qxe3 f5
15. b4 f4 16. Qd3 h6 17. a5 a6 18. b5 axb5 19. Qxb5 Na7 20. Qxd5 g5 21. a6 c6
22. axb7+ Kxb7 23. Rfb1+ Kc8 24. Qa5 Bb8 25. Qa6+ Kc7 26. Rb7+ 1-0

[Event "N1 Reykjavik Open 2014"]
[Site "Reykjavik ISL"]
[Date "2014.03.12"]
[Round "10.116"]
[White "Birkisson, Bjorn Holm"]
[Black "Kristbergsson, Bjorgvin"]
[Result "1-0"]
[WhiteElo "1598"]
[BlackElo "1175"]
[WhiteFideId "2310600"]
[BlackFideId "2305232"]
[EventDate "2014.03.04"]

1. e4 c5 2. Nc3 a6 3. g3 g6 4. Bg2 Bg7 5. d3 h6 6. Be3 d6 7. f4 Nf6 8. Nge2 Ng4
9. Qd2 Nxe3 10. Qxe3 O-O 11. O-O Nc6 12. Qf3 h5 13. f5 Ne5 14. Qf4 Ng4 15. Qd2
Bh6 16. Nf4 g5 17. Nxh5 Kh7 18. h3 Ne5 19. g4 f6 20. Bf3 b5 21. Qh2 Bb7 22. Kg2
Nxf3 23. Rxf3 d5 24. Nxd5 Bxd5 25. exd5 Qxd5 26. a3 c4 27. Re1 Rae8 28. Qc7 Rf7
29. Re6 Bg7 30. Nxg7 Rxg7 31. Rxa6 e6 32. Qc6 Qxc6 33. Rxc6 exf5 34. Rxf6 Re2+
35. Rf2 Rxf2+ 36. Kxf2 cxd3 37. cxd3 1-0

[Event "N1 Reykjavik Open 2014"]
[Site "Reykjavik ISL"]
[Date "2014.03.12"]
[Round "10.117"]
[White "Bragason, Gudmundur Agnar"]
[Black "Sigurvaldason, Hjalmar"]
[Result "1/2-1/2"]
[WhiteElo "1349"]
[BlackElo "1512"]
[WhiteFideId "2309483"]
[BlackFideId "2306018"]
[EventDate "2014.03.04"]

1. d4 d5 2. c4 e6 3. Nf3 Nf6 4. Nc3 Be7 5. Bf4 c6 6. e3 O-O 7. Rc1 Nbd7 8. b3
Nh5 9. Bg3 Nxg3 10. hxg3 Nf6 11. Bd3 g6 12. Ng5 Re8 13. Qf3 h5 14. Kd1 Bf8 15.
Kc2 Bg7 1/2-1/2